Statistics for Euro 2020 Quarter Finals - Switzerland - Spain

Click here to take the quiz!

General Stats

  • This quiz has been taken 57 times
  • The average score is 22 of 36

Answer Stats

Player% Correct
Yann Sommer
96%
Álvaro Morata
86%
Manuel Akanji
86%
Pau Torres
86%
Pedri
86%
Xherdan Shaqiri ¹
86%
Unai Simón
84%
Ferran Torres
80%
Jordi Alba
80%
Rodri
78%
Sergio Busquets
78%
Breel Embolo
76%
Haris Seferović
76%
Aymeric Laporte
68%
Mikel Oyarzabal
68%
Ricardo Rodríguez
68%
Luis Enrique
64%
Dani Olmo
60%
Nico Elvedi
56%
Remo Freuler
56%
César Azpilicueta
54%
Denis Zakaria
54%
Fabian Schär
54%
Thiago Alcántara
52%
Ruben Vargas
50%
Gerard Moreno
48%
Koke
48%
Vladimir Petković
48%
Mario Gavranović
46%
Kevin Mbabu
44%
Marcos Llorente
42%
Silvan Widmer
42%
Pablo Sarabia
40%
Steven Zuber
40%
Christian Fassnacht
30%
Djibril Sow
30%

Score Distribution

Percentile by Number Answered

Percent of People with Each Score

Your Score History

You have not taken this quiz